Top 100 NFL Players of the 2015 Season - Statistics

General Stats
  • This quiz has been taken 5,242 times
  • The average score is 57 of 100
Answer Stats
No. Pos. CURRENT Team Answer % Correct
2 QB Packers Aaron Rodgers
99%
3 QB Patriots Tom Brady
99%
1 DE Texans JJ Watt
98%
5 QB Broncos Peyton Manning
95%
7 QB Colts Andrew Luck
93%
8 WR Steelers Antonio Brown
93%
6 WR Lions Calvin Johnson
93%
10 TE Patriots Rob Gronkowski
92%
13 WR Falcons Julio Jones
91%
9 RB Seahawks Marshawn Lynch
91%
11 CB Seahawks Richard Sherman
90%
22 QB Seahawks Russell Wilson
88%
15 WR Cowboys Dez Bryant
86%
20 WR Broncos Demaryius Thomas
85%
30 QB Saints Drew Brees
85%
21 FS Seahawks Earl Thomas III
85%
25 OT Browns Joe Thomas
85%
29 RB Bills LeSean Mccoy
85%
16 RB Steelers Le'Veon Bell
85%
28 DT Buccaneers Gerald Mccoy
84%
40 OT Eagles Jason Peters
84%
45 TE Jaguars Julius Thomas
84%
19 CB Cardinals Patrick Peterson
84%
62 RB Vikings Adrian Peterson
83%
34 QB Cowboys Tony Romo
82%
32 WR Giants Odell Beckham Jr.
81%
18 WR Packers Jordy Nelson
80%
37 WR Bengals A.J. Green
79%
12 RB Chiefs Jamaal Charles
79%
26 QB Steelers Ben Roethlisberger
78%
17 CB Jets Darrelle Revis
78%
43 QB Chargers Philip Rivers
78%
33 OLB Broncos Von Miller
77%
54 WR Ravens Steve Smith Sr.
75%
36 OT Cowboys Tyron Smith
75%
14 ILB Panthers Luke Kuechly
72%
35 WR Colts T.Y. Hilton
72%
31 TE Seahawks Jimmy Graham
71%
24 DT Dolphins Ndamukong Suh
69%
52 TE Chargers Antonio Gates
66%
4 RB Eagles DeMarco Murray
64%
41 SS Seahawks Kam Chancellor
64%
73 QB Panthers Cam Newton
63%
51 ILB Packers Clay Matthews
62%
77 QB Falcons Matt Ryan
62%
72 DT Bills Kyle Williams
59%
42 DE Bills Mario Williams
59%
48 RB Bears Matt Forte
59%
47 OT Redskins Trent Williams
59%
68 WR Cardinals Larry Fitzgerald
58%
92 DT Rams Aaron Donald
56%
50 WR Redskins DeSean Jackson
56%
60 RB Packers Eddie Lacy
54%
49 OLB Raiders Khalil Mack
54%
57 WR Jets Brandon Marshall
53%
23 CB Browns Joe Haden
53%
84 OLB Ravens Terrell Suggs
52%
75 WR Buccaneers Mike Evans
51%
100 WR Packers Randall Cobb
51%
97 QB Ravens Joe Flacco
50%
89 TE Panthers Greg Olsen
49%
27 OLB Cheifs Justin Houston
49%
95 WR Broncos Emmanuel Sanders
48%
91 WR Patriots Julian Edelman
46%
93 TE Cowboys Jason Witten
45%
39 DE Dolphins Cameron Wake
44%
80 RB Texans Arian Foster
43%
69 ILB Seahawks Bobby Wagner
42%
85 WR Lions Golden Tate
39%
59 CB Colts Vontae Davis
39%
81 RB Eagles Darren Sproles
35%
88 FS Lions Glover Quin
35%
38 CB Dolphins Brent Grimes
34%
61 WR Cheifs Jeremy Maclin
33%
74 DE Jets Muhammad Wilkerson
33%
56 OLB Buccaneers Lavonte David
32%
83 C Steelers Maurkice Pouncey
32%
64 FS Raiders Charles Woodson
31%
87 OLB Broncos DeMarcus Ware
31%
70 OLB Cheifs Tamba Hali
31%
79 OG Ravens Marshal Yanda
30%
86 FS Chargers Eric Weddle
29%
65 RB Ravens Justin Forsett
28%
90 DE Seahawks Micheal Bennett
28%
98 K Colts Adam Vinatieri
27%
99 DE Cardinals Calais Campbell
27%
53 DT Bills Marcell Dareus
24%
44 DE Rams Robert Quinn
24%
71 OLB Packers Julius Peppers
22%
78 OLB Redskins Ryan Kerrigan
21%
55 DE Jets Sheldon Richardson
21%
94 ILB Ravens C.J. Mosley
20%
46 OLB Ravens Elvis Dumervil
16%
82 DT Lions Haloti Ngata
16%
66 OLB Lions DeAndre Levy
15%
96 DT Titans Jurrell Casey
15%
67 FS Browns Tashaun Gipson
12%
58 OLB Eagles Connor Barwin
11%
63 DE Bills Jerry Hughes
11%
76 DT Jaguars Sen'derrick Marks
7%
No matching quizzes found
Score Distribution
Percent of People with Each Score
Percentile by Number Answered
Your Score History
You have not taken this quiz